000 00383 a2200169 4500
001 184352
020 _a85-322-4190-5
040 _cMagnum
100 _aQuevedo, Julio
240 1 0 _aDurantes a missões jesuíticas
_lpor
245 1 0 _aDurantes a missões jesuíticas
300 _a30
362 0 _a1998
440 1 _aFTD
697 _aLITERATURA INFANTO-JUVENIL
942 _cBK
999 _c184352
_d184352